[Event "Freytag Checkmate Open"]
[Site "Adelaide"]
[Date "2008.07.05"]
[Round "4"]
[White "Jackson, Ralph E"]
[Black "Toth, Andras"]
[Result "0-1"]
[PlyCount "82"]
[WhiteElo "1899"]
[BlackElo "2401"]

1. Nf3 c5 2. c4 Nf6 3. Nc3 e6 4. g3 b6 5. Bg2 Bb7 6. O-O Be7 7. d4 cxd4 8. Nxd4
Bxg2 9. Kxg2 Qc8 10. Qa4 a6 11. f3 O-O 12. e4 d6 13. Be3 Qb7 14. a3 Rc8 15.
Rac1 Nbd7 16. Rfd1 Ne5 17. b3 Nfd7 18. Nde2 Rab8 19. h3 Nc5 20. Bxc5 dxc5 21.
f4 Nc6 22. b4 cxb4 23. axb4 Bxb4 24. Rd3 Rd8 25. Rcd1 Rxd3 26. Rxd3 h5 27. Qd1
Rc8 28. Kh2 Be7 29. Rd7 Rc7 30. Rd3 Na5 31. Nd4 Rxc4 32. Qxh5 Qc8 33. Nce2 Nc6
34. Qf3 Nxd4 35. Nxd4 Bc5 36. Nb3 Rc2+ 37. Kh1 Be7 38. Qd1 a5 39. Rd7 a4 40.
Rxe7 axb3 41. Rd7 Rc1 0-1

[Event "Freytag Checkmate Open"]
[Site "Adelaide"]
[Date "2008.07.05"]
[Round "4"]
[White "Ivkovic, Novica"]
[Black "Cloudsdale, Colin"]
[Result "0-1"]
[PlyCount "92"]
[WhiteElo "1657"]
[BlackElo "1991"]

1. f4 d5 2. e3 Nf6 3. d4 e6 4. Nf3 c5 5. c3 Be7 6. Be2 O-O 7. O-O Nc6 8. Ne5
Qc7 9. Nd2 c4 10. b3 cxb3 11. axb3 Nd7 12. c4 Ndxe5 13. fxe5 f6 14. exf6 Bxf6
15. Bb2 Ne7 16. Bd3 Bd7 17. Qh5 g6 18. Qd1 Bg5 19. Rxf8+ Rxf8 20. Qe2 a6 21.
Nf3 Bf6 22. Rc1 Qb6 23. Qc2 Bc6 24. c5 Qc7 25. b4 Nf5 26. Qe2 Bg7 27. Bc3 Qe7
28. Bd2 Nh4 29. Rf1 Nxf3+ 30. Rxf3 e5 31. Rxf8+ Bxf8 32. Qg4 Bh6 33. Qe2 Qg5
34. b5 axb5 35. Bxb5 exd4 36. Bxc6 bxc6 37. Kf2 dxe3+ 38. Bxe3 Qxe3+ 39. Qxe3
Bxe3+ 40. Kxe3 Kf7 41. g4 Kf6 42. h4 g5 43. h5 Ke5 44. h6 d4+ 45. Kd3 Kd5 46.
Ke2 Kxc5 0-1

[Event "Freytag Checkmate Open"]
[Site "Adelaide"]
[Date "2008.07.05"]
[Round "4"]
[White "Hacche, David J"]
[Black "Russell, Luthien"]
[Result "1-0"]
[PlyCount "41"]
[WhiteElo "2127"]
[BlackElo "1528"]

1. Nf3 c5 2. e4 e6 3. d4 cxd4 4. Nxd4 a6 5. g3 b5 6. Bg2 Bb7 7. O-O d6 8. a4
bxa4 9. Nc3 Nf6 10. Re1 Be7 11. e5 dxe5 12. Bxb7 Ra7 13. Bc6+ Kf8 14. Rxe5 Qd6
15. Bf4 Nxc6 16. Rd5 Qb4 17. Nxc6 Qxb2 18. Nxa4 Qb7 19. Rd8+ Bxd8 20. Qxd8+ Ne8
21. Bd6+ 1-0

[Event "Freytag Checkmate Open"]
[Site "Adelaide"]
[Date "2008.07.05"]
[Round "4"]
[White "Griggs, James"]
[Black "Oliver, Tamzin"]
[Result "1-0"]
[PlyCount "57"]
[WhiteElo "1464"]
[BlackElo "1445"]

1. g3 Nf6 2. Bg2 g6 3. c4 Bg7 4. d4 O-O 5. Nc3 d6 6. e4 Nbd7 7. Bg5 c6 8. Nf3
e5 9. h4 Qe8 10. d5 Nb6 11. b3 cxd5 12. cxd5 Nh5 13. Qd2 f5 14. Bh6 Nf6 15.
Bxg7 Kxg7 16. exf5 Bxf5 17. Nh2 Rc8 18. h5 a6 19. hxg6 Qxg6 20. Nf3 Bd7 21. Nh4
Qe8 22. Nf3 Kh8 23. Ng5 Bf5 24. Be4 Qg6 25. Rh6 Nxe4 26. Ncxe4 Qg7 27. Nxd6 Rb8
28. Nxf5 Rxf5 29. Rxh7+ 1-0

[Event "Freytag Checkmate Open"]
[Site "Adelaide"]
[Date "2008.07.05"]
[Round "4"]
[White "Goldsmith, Alan"]
[Black "Sandler, Leonid"]
[Result "1-0"]
[PlyCount "62"]
[WhiteElo "2030"]
[BlackElo "2282"]

1. d4 Nf6 2. c4 e6 3. Nc3 c5 4. d5 exd5 5. cxd5 d6 6. e4 g6 7. h4 Bg7 8. Be2 a6
9. h5 b5 10. hxg6 hxg6 11. Rxh8+ Bxh8 12. Bg5 Kf8 13. Qd3 Qe7 14. Qg3 Nbd7 15.
Nf3 Bb7 16. Nd2 Kg8 17. Qh4 Re8 18. O-O-O b4 19. Rh1 Bg7 20. Nd1 Bxd5 21. Ne3
Bxa2 22. f4 Qe6 23. Bh6 Bh8 24. f5 Qe7 25. e5 Nh5 26. Qxe7 Rxe7 27. exd6 Re8
28. Bxa6 Ng3 29. Rh3 Nxf5 30. Nxf5 Re1+ 31. Kc2 gxf5 1-0

[Event "Freytag Checkmate Open"]
[Site "Adelaide"]
[Date "2008.07.05"]
[Round "4"]
[White "Garcia-Blanco, Miguel"]
[Black "Hu, Jason"]
[Result "0-1"]
[PlyCount "46"]
[WhiteElo "1733"]
[BlackElo "2141"]

1. c4 e5 2. Nf3 Nc6 3. g3 f5 4. Bg2 Nf6 5. d3 Bc5 6. Nc3 O-O 7. O-O d6 8. Na4
e4 9. Ne1 Bb6 10. Nxb6 axb6 11. dxe4 fxe4 12. Bxe4 Nxe4 13. Qd5+ Kh8 14. Qxe4
Ra5 15. Bd2 Re5 16. Qd3 Bf5 17. Qc3 Rxe2 18. Be3 Bh3 19. Ng2 Ne5 20. Nf4 Qd7
21. Rfd1 Nf3+ 22. Kh1 Rxf4 23. Bxf4 Rxf2 0-1

[Event "Freytag Checkmate Open"]
[Site "Adelaide"]
[Date "2008.07.05"]
[Round "4"]
[White "Freytag, Justin"]
[Black "Memedi, Sam"]
[Result "1-0"]
[PlyCount "45"]
[WhiteElo "2073"]
[BlackElo "1627"]

1. e4 e5 2. f4 Nc6 3. Nc3 Bb4 4. Nf3 Bxc3 5. dxc3 exf4 6. Bxf4 d6 7. Bd3 Bg4 8.
h3 Bxf3 9. Qxf3 Qh4+ 10. Bg3 Qe7 11. O-O-O f6 12. Bb5 Nh6 13. e5 O-O 14. exd6
cxd6 15. Bxd6 Qf7 16. Bxf8 Rxf8 17. Bxc6 bxc6 18. Qxc6 Qg6 19. g4 Nf7 20. Qe6
Qg5+ 21. Kb1 Qe5 22. Qc4 Kh8 23. Qxf7 1-0

[Event "Freytag Checkmate Open"]
[Site "Adelaide"]
[Date "2008.07.05"]
[Round "4"]
[White "Dyer, Alastair"]
[Black "Dragicevic, Domagoj"]
[Result "1-0"]
[PlyCount "53"]
[WhiteElo "1708"]
[BlackElo "2125"]

1. e4 d5 2. exd5 Qxd5 3. Nc3 Qd6 4. d4 Nf6 5. Nf3 a6 6. g3 Bg4 7. Bg2 Nc6 8.
Bf4 Qb4 9. O-O O-O-O 10. Ne2 e6 11. c3 Qb5 12. h3 Bf5 13. b4 Nd5 14. a4 Qd3 15.
b5 Na5 16. Ne5 Qxd1 17. Rfxd1 Bg6 18. c4 Nxf4 19. Nxf4 Nb3 20. bxa6 bxa6 21.
Nfxg6 fxg6 22. Rab1 Na5 23. Nf7 Be7 24. Nxh8 Rxh8 25. d5 Kd7 26. h4 Nxc4 27.
dxe6+ 1-0

[Event "Freytag Checkmate Open"]
[Site "Adelaide"]
[Date "2008.07.05"]
[Round "4"]
[White "Chapman, Mark"]
[Black "Zaric, Srboljub"]
[Result "1-0"]
[PlyCount "59"]
[WhiteElo "2303"]
[BlackElo "2101"]

1. e4 e6 2. d4 d5 3. Nc3 dxe4 4. Nxe4 Qd5 5. Nc3 Bb4 6. Qg4 Kf8 7. Bd2 Qa5 8.
a3 Nc6 9. Rd1 e5 10. axb4 Nxb4 11. Qe4 Nf6 12. Na2 c5 13. Bxb4 cxb4 14. Qh4 Bg4
15. Nc1 b3+ 16. Rd2 Qa1 17. Ne2 Bxe2 18. Kxe2 Qxc1 19. dxe5 Re8 20. Qb4+ Kg8
21. f4 bxc2 22. Qc4 Qxb2 23. Rxc2 Qb6 24. Kf3 h5 25. Qb5 Nd7 26. Qxd7 Qb3+ 27.
Bd3 Rf8 28. Ke3 Rh6 29. Rcc1 g5 30. Rc8 1-0

[Event "Freytag Checkmate Open"]
[Site "Adelaide"]
[Date "2008.07.24"]
[Round "3"]
[White "Goldsmith, Alan"]
[Black "Garcia-Blanco, Miguel"]
[Result "0-1"]
[PlyCount "37"]
[WhiteElo "2030"]
[BlackElo "1733"]

1. e4 c6 2. d4 d5 3. e5 Bf5 4. g4 Be4 5. f3 Bg6 6. h4 h5 7. Ne2 e6 8. Nf4 hxg4
9. Nxg6 fxg6 10. Qd3 Ne7 11. fxg4 Nd7 12. Nc3 Qb6 13. a4 a5 14. Ra3 Qc7 15. Rb3
O-O-O 16. Qa6 Nxe5 17. Qa7 Nxg4 18. Bf4 e5 19. Rxb7 0-1

[Event "Freytag Checkmate Open"]
[Site "Adelaide"]
[Date "2008.07.21"]
[Round "3"]
[White "West, Guy"]
[Black "Stojic, Dusan"]
[Result "1-0"]
[PlyCount "65"]
[WhiteElo "2310"]
[BlackElo "2142"]

1. e4 c5 2. Nc3 d6 3. f4 Nc6 4. Nf3 g6 5. Bb5 Bd7 6. O-O Bg7 7. d3 a6 8. Bxc6
Bxc6 9. Qe1 Qd7 10. Rb1 Nf6 11. Kh1 O-O 12. Qh4 Qg4 13. Qf2 b5 14. f5 gxf5 15.
Nh4 fxe4 16. Nf5 Rfe8 17. Bh6 Bh8 18. Bd2 Qg6 19. dxe4 Ng4 20. Qh4 Ne5 21.
Nxe7+ Rxe7 22. Qxe7 b4 23. Nd5 Qxe4 24. Qg5+ Kf8 25. Nf4 Ke8 26. Rbe1 Qxc2 27.
Nh5 Qg6 28. Rd1 Kd7 29. Nf6+ Bxf6 30. Rxf6 Kc7 31. Rxg6 hxg6 32. Bf4 Re8 33.
Qf6 1-0

[Event "Freytag Checkmate Open"]
[Site "Adelaide"]
[Date "2008.07.21"]
[Round "3"]
[White "Toth, Andras"]
[Black "Rujevic, Mirko"]
[Result "0-1"]
[PlyCount "82"]
[WhiteElo "2401"]
[BlackElo "2207"]

1. e4 e5 2. Nf3 Nc6 3. Bb5 a6 4. Ba4 Nf6 5. O-O b5 6. Bb3 Be7 7. Re1 O-O 8. d3
d6 9. c3 Bg4 10. h3 Bd7 11. Nbd2 Na5 12. Bc2 c5 13. Nf1 Qc7 14. Ne3 g6 15. Nh2
Be6 16. Nhg4 Nxg4 17. hxg4 Bg5 18. Qf3 Qd8 19. g3 b4 20. Ba4 bxc3 21. bxc3 Rb8
22. Qe2 Qc8 23. Nd5 Bd8 24. Bh6 Bxg4 25. f3 Be6 26. Bxf8 Kxf8 27. Rab1 Bxd5 28.
Rxb8 Qxb8 29. exd5 h5 30. Qc2 c4 31. Rb1 Qc8 32. dxc4 Nxc4 33. Rb3 Qh3 34. Rb8
Qxg3+ 35. Qg2 Qh4 36. Qf2 Qg5+ 37. Qg2 Qf6 38. Bc6 Kg7 39. Rb7 Bb6+ 40. Kh2
Qh4+ 41. Qh3 Bg1+ 0-1

[Event "Freytag Checkmate Open"]
[Site "Adelaide"]
[Date "2008.07.21"]
[Round "3"]
[White "Sandler, Leonid"]
[Black "Smerdon, David"]
[Result "0-1"]
[PlyCount "56"]
[WhiteElo "2282"]
[BlackElo "2463"]

1. Nf3 Nf6 2. c4 e6 3. g3 d5 4. d4 dxc4 5. Qa4+ Nbd7 6. Bg2 a6 7. Qxc4 b5 8.
Qc2 Bb7 9. O-O c5 10. Bg5 Qb6 11. dxc5 Bxc5 12. Bxf6 Nxf6 13. Nc3 Rc8 14. e3
O-O 15. Qe2 Bb4 16. Nd1 Bd5 17. Ne5 Bxg2 18. Kxg2 Rfd8 19. Nf3 Qb7 20. Kg1 Qe4
21. Ne1 Rd2 22. Qf3 Qc4 23. Qb7 Rd7 24. Qxa6 Qc5 25. a3 Ra7 26. axb4 Rxa6 27.
bxc5 Rxa1 28. Nd3 Rd8 0-1

[Event "Freytag Checkmate Open"]
[Site "Adelaide"]
[Date "2008.07.05"]
[Round "3"]
[White "Zaric, Srboljub"]
[Black "Stojic, Svetozar"]
[Result "1-0"]
[PlyCount "61"]
[WhiteElo "2101"]
[BlackElo "1836"]

1. e4 c5 2. Nf3 Nf6 3. e5 Nd5 4. Nc3 e6 5. Nxd5 exd5 6. d4 Nc6 7. dxc5 Bxc5 8.
Qxd5 Qb6 9. Bc4 Bxf2+ 10. Ke2 O-O 11. c3 d6 12. Rf1 Bg4 13. Rxf2 Nxe5 14. Qb5
Rae8 15. Kf1 Nxf3 16. Rxf3 Bxf3 17. gxf3 Qc7 18. Bf4 a6 19. Qd5 Re6 20. Qd4 Rf6
21. Bd5 Qd7 22. Kf2 Qf5 23. Bg3 Qc2+ 24. Kg1 Qxb2 25. Re1 Rc8 26. Re7 h5 27.
Rxb7 Qa1+ 28. Kg2 Rxc3 29. Rb8+ Kh7 30. Qe4+ g6 31. Rb1 1-0

[Event "Freytag Checkmate Open"]
[Site "Adelaide"]
[Date "2008.07.05"]
[Round "3"]
[White "Xie, George"]
[Black "Wedding, Robin"]
[Result "1-0"]
[PlyCount "85"]
[WhiteElo "2449"]
[BlackElo "1937"]

1. e4 e6 2. d4 d5 3. Nc3 Bb4 4. exd5 exd5 5. Bd3 Nc6 6. a3 Bxc3+ 7. bxc3 Nge7
8. Qh5 Be6 9. Rb1 Rb8 10. Nf3 Qd7 11. Ng5 Ng6 12. O-O Bg4 13. Re1+ Nce7 14. Bb5
Qxb5 15. Qxg6 hxg6 16. Rxb5 c6 17. Bf4 cxb5 18. Bxb8 Kd7 19. Bxa7 f6 20. Bc5
fxg5 21. Rxe7+ Kc6 22. Rxg7 Bf5 23. g4 Bxc2 24. Kg2 Re8 25. Be7 Ra8 26. Kg3 b6
27. f3 Bd3 28. Bxg5 Rxa3 29. Bd2 Ra2 30. Bf4 b4 31. cxb4 Rb2 32. Rc7+ Kb5 33.
Bd6 Rxb4 34. Bxb4 Kxb4 35. h4 b5 36. h5 gxh5 37. gxh5 Kb3 38. h6 b4 39. h7 Bxh7
40. Rxh7 Kc3 41. Rb7 b3 42. f4 Kxd4 43. Rxb3 1-0

[Event "Freytag Checkmate Open"]
[Site "Adelaide"]
[Date "2008.07.05"]
[Round "3"]
[White "Tan, Peter"]
[Black "Christensen, Joshua"]
[Result "0-1"]
[PlyCount "74"]
[WhiteElo "1236"]
[BlackElo "1624"]

1. e4 e5 2. Nf3 Nc6 3. Nc3 Nf6 4. Bc4 Bc5 5. O-O d6 6. h3 a6 7. d3 Be6 8. Nd5
Bxd5 9. Bxd5 Nxd5 10. exd5 Ne7 11. c4 Nf5 12. Re1 O-O 13. Be3 Nxe3 14. fxe3 e4
15. Nd4 exd3 16. Qxd3 Qg5 17. Rf1 Rae8 18. Rf3 Bxd4 19. Qxd4 f5 20. Raf1 g6 21.
Qd2 Re4 22. Rf4 Rfe8 23. Rxe4 Rxe4 24. Rf4 Re8 25. Kf2 Qf6 26. Qc2 Qe5 27. Qd2
Kg7 28. Qd4 Kf6 29. g4 Qxd4 30. Rxd4 g5 31. Kf3 Ke5 32. gxf5 Kxf5 33. h4 g4+
34. Rxg4 Rxe3+ 35. Kxe3 Kxg4 36. h5 Kxh5 37. Kf4 Kg6 0-1

[Event "Freytag Checkmate Open"]
[Site "Adelaide"]
[Date "2008.07.05"]
[Round "3"]
[White "Szuveges, Narelle S"]
[Black "Mdinaradze, Edgar"]
[Result "0-1"]
[PlyCount "126"]
[WhiteElo "1711"]
[BlackElo "1975"]

1. d4 d6 2. c4 g6 3. Nc3 Bg7 4. Nf3 Nf6 5. h3 Na6 6. Bf4 c5 7. e3 Bf5 8. Be2
Qb6 9. Qd2 O-O 10. O-O Ne4 11. Nxe4 Bxe4 12. Ng5 Bc6 13. d5 Bd7 14. Rab1 h6 15.
Nf3 Qd8 16. e4 Kh7 17. e5 Bf5 18. Bd3 Bxd3 19. Qxd3 Nc7 20. exd6 exd6 21. h4
Qf6 22. Bg3 Kg8 23. Rfe1 Rfe8 24. Nd2 Rxe1+ 25. Rxe1 Re8 26. Ne4 Qd8 27. Re3
Be5 28. Bxe5 Rxe5 29. g3 f5 30. Nc3 Qf6 31. Rxe5 Qxe5 32. a3 Kf7 33. Kg2 Ne8
34. b4 b6 35. bxc5 bxc5 36. Qe3 Kf6 37. Kf3 g5 38. hxg5+ hxg5 39. g4 Ng7 40.
gxf5 Nxf5 41. Ne4+ Ke7 42. Qxg5+ Kd7 43. Qf4 Nd4+ 44. Kg4 Qxf4+ 45. Kxf4 Nc2
46. a4 a5 47. Nd2 Nd4 48. Ke4 Ke7 49. f4 Kf6 50. Ke3 Nf5+ 51. Kd3 Nd4 52. Ke4
Kg6 53. Nf3 Ne2 54. Ke3 Nc3 55. Nd2 Kf5 56. Nb3 Nxa4 57. Nxa5 Nc3 58. Nb7 Ne4
59. Na5 Nf6 60. Nb3 Nd7 61. Nd2 Nf6 62. Nf3 Nd7 63. Nd2 Nf8 0-1

[Event "Freytag Checkmate Open"]
[Site "Adelaide"]
[Date "2008.07.05"]
[Round "3"]
[White "Saint, Andrew"]
[Black "Staak, Eric"]
[Result "1-0"]
[PlyCount "55"]
[WhiteElo "1922"]
[BlackElo "1496"]

1. d4 d5 2. Nf3 Bf5 3. g3 Nf6 4. Bg2 e6 5. O-O h6 6. c4 Nc6 7. Qb3 Be7 8. Bd2
Rb8 9. cxd5 exd5 10. Nc3 O-O 11. Rac1 a6 12. Na4 Bd6 13. Nc5 Bxc5 14. Rxc5 Be4
15. e3 Bd3 16. Qxd3 Ne4 17. Rc2 f5 18. Rfc1 Rc8 19. b4 Qe7 20. a3 g5 21. b5
axb5 22. Qxb5 g4 23. Qxd5+ Kh7 24. Ne5 Nxd2 25. Rxd2 Rcd8 26. Qc5 Qxc5 27. Rxc5
Nxe5 28. Rxe5 1-0

[Event "Freytag Checkmate Open"]
[Site "Adelaide"]
[Date "2008.07.05"]
[Round "3"]
[White "Russell, Luthien"]
[Black "Kerr, Bill"]
[Result "1-0"]
[PlyCount "69"]
[WhiteElo "1528"]
[BlackElo "1937"]

1. e4 Nc6 2. Nf3 d6 3. d4 Nf6 4. Nc3 Bg4 5. Be2 e6 6. O-O Be7 7. h3 Bh5 8. Re1
O-O 9. Bf4 Bg6 10. Bd3 Nb4 11. Bc4 d5 12. Bd3 dxe4 13. Bxe4 Nxe4 14. Nxe4 Qd5
15. Qe2 Rac8 16. c3 Nc6 17. a3 Na5 18. Ne5 Bxe4 19. Qxe4 Qb3 20. Qe2 Rfd8 21.
Rad1 c5 22. dxc5 Bxc5 23. Rd2 Be7 24. Red1 f6 25. Nf3 e5 26. Be3 b6 27. Qa6
Qxd1+ 28. Rxd1 Rxd1+ 29. Kh2 Rc7 30. Qb5 Nc6 31. Qb3+ Kf8 32. Qxd1 f5 33. Qd5
f4 34. Nxe5 Nxe5 35. Qxe5 1-0

[Event "Freytag Checkmate Open"]
[Site "Adelaide"]
[Date "2008.07.05"]
[Round "3"]
[White "Rigo, Bernard"]
[Black "Johansen, Darryl K"]
[Result "0-1"]
[PlyCount "80"]
[WhiteElo "1820"]
[BlackElo "2423"]

1. e4 c5 2. Nf3 Nc6 3. Nc3 Nf6 4. d4 cxd4 5. Nxd4 d6 6. Bg5 e6 7. Bc4 Be7 8.
Bb3 a6 9. Qd2 Na5 10. f3 O-O 11. O-O-O b5 12. h4 Bd7 13. g4 b4 14. Nce2 Nxb3+
15. cxb3 a5 16. Kb1 Qb8 17. Rc1 a4 18. bxa4 Rxa4 19. b3 Ra6 20. Rc4 d5 21. exd5
exd5 22. Bf4 Qb6 23. Rc7 Bd8 24. Rc2 h5 25. gxh5 Nxh5 26. Bg5 f6 27. Be3 Qb7
28. Nf4 Nxf4 29. Bxf4 Re8 30. Rg1 Re7 31. Rcc1 Bb6 32. Rg2 Rxa2 33. Qxa2 Bxd4
34. Rc7 Bf5+ 35. Kc1 Rxc7+ 36. Bxc7 Qxc7+ 37. Kd1 Kh7 38. Qd2 Qa7 39. Qxb4 Be3
40. Ke2 d4 0-1

[Event "Freytag Checkmate Open"]
[Site "Adelaide"]
[Date "2008.07.05"]
[Round "3"]
[White "Oliver, Tamzin"]
[Black "Ivkovic, Novica"]
[Result "0-1"]
[PlyCount "43"]
[WhiteElo "1445"]
[BlackElo "1657"]

1. e4 d5 2. exd5 Qxd5 3. Nc3 Qe6+ 4. Be2 Qg6 5. Bf3 e5 6. d3 Nf6 7. h3 Bd6 8.
Be3 O-O 9. Nge2 Re8 10. Ng3 c6 11. Qd2 Na6 12. a3 Bd7 13. Nce4 Nxe4 14. dxe4
Rad8 15. O-O-O Bf8 16. Bh5 Qe6 17. b3 Bxa3+ 18. Kb1 Bb4 19. Qe2 Qe7 20. h4 Bc3
21. Qc4 Bb4 22. Bg5 0-1

[Event "Freytag Checkmate Open"]
[Site "Adelaide"]
[Date "2008.07.05"]
[Round "3"]
[White "Oliver, Gareth"]
[Black "Jelic, Mato"]
[Result "1-0"]
[PlyCount "64"]
[WhiteElo "2160"]
[BlackElo "1741"]

1. d4 Nf6 2. c4 e5 3. dxe5 Ng4 4. Nf3 Bc5 5. e3 Nc6 6. a3 a5 7. b3 Ngxe5 8. Bb2
Qe7 9. Nc3 d6 10. Nd5 Qd8 11. Be2 O-O 12. O-O Nxf3+ 13. Bxf3 Ne5 14. Qe2 c6 15.
Nc3 Bf5 16. Rfd1 Qe7 17. Rd2 Rad8 18. Rad1 Bb6 19. Kh1 Bc7 20. Rd4 Nxf3 21.
gxf3 Bb6 22. Rf4 Bg6 23. Rg1 Bc7 24. Rd4 f5 25. e4 Qh4 26. Rg2 Bb6 27. Rd1 Rfe8
28. Rdg1 d5 29. cxd5 cxd5 30. Nxd5 Ba7 31. Qc4 Kh8 32. exf5 Bxf5 1-0

[Event "Freytag Checkmate Open"]
[Site "Adelaide"]
[Date "2008.07.05"]
[Round "3"]
[White "Memedi, Sam"]
[Black "Oliver, Shannon"]
[Result "0-1"]
[PlyCount "24"]
[WhiteElo "1627"]
[BlackElo "1799"]

1. e4 c5 2. Nf3 d6 3. Bc4 Nf6 4. Nc3 Nc6 5. O-O g6 6. Re1 Bg7 7. d3 O-O 8. a3
Bg4 9. Be3 Ne5 10. Ba2 Qc8 11. h3 Bxf3 12. gxf3 Qxh3 0-1

[Event "Freytag Checkmate Open"]
[Site "Adelaide"]
[Date "2008.07.05"]
[Round "3"]
[White "Hu, Jason"]
[Black "Jackson, Ralph E"]
[Result "0-1"]
[PlyCount "116"]
[WhiteElo "2141"]
[BlackElo "1899"]

1. c4 c5 2. Nf3 Nc6 3. g3 g6 4. d4 cxd4 5. Nxd4 Bg7 6. Nxc6 bxc6 7. Bg2 Qb6 8.
Qc2 Nf6 9. O-O O-O 10. b3 d5 11. Be3 Qa6 12. Bd4 Bf5 13. Qc3 c5 14. Be5 d4 15.
Qc1 Rad8 16. Nd2 Bh6 17. Qb2 Qe6 18. Nf3 Bh3 19. Rad1 Nh5 20. Qa3 Bxg2 21. Kxg2
Qc6 22. g4 Nf4+ 23. Bxf4 Bxf4 24. Qxa7 Rd7 25. Qa4 Qxa4 26. bxa4 Ra7 27. Nd2
Rxa4 28. Kf3 Bxd2 29. Rxd2 Rxc4 30. Ke4 f5+ 31. Kd5 Rc3 32. gxf5 Rxf5+ 33. Ke6
Ra3 34. Rb2 Ra6+ 35. Kd7 e5 36. Kc8 Rf7 37. Kb8 Re6 38. Rb7 Ra6 39. Rb2 c4 40.
f3 c3 41. Rb5 Re7 42. Ra1 Rc6 43. a4 e4 44. fxe4 Rxe4 45. Rd5 Rc4 46. a5 c2 47.
Rc1 Rxe2 48. a6 Rb4+ 49. Kc7 Ra4 50. Rd8+ Kg7 51. Rd7+ Kh6 52. Kb7 Rb4+ 53. Kc7
Ra4 54. Kb7 Rb4+ 55. Kc7 Ra4 56. Kb7 Rb4+ 57. Kc7 Rc4+ 58. Kb7 Re5 0-1

[Event "Freytag Checkmate Open"]
[Site "Adelaide"]
[Date "2008.07.05"]
[Round "3"]
[White "Hoile, Robert"]
[Black "Nguyen, Thu Giang"]
[Result "0-1"]
[PlyCount "65"]
[WhiteElo "1860"]
[BlackElo "2121"]

1. d4 d5 2. c4 e6 3. Nc3 c5 4. cxd5 exd5 5. Nf3 c4 6. g3 Nc6 7. Bg2 Bb4 8. O-O
Nge7 9. Re1 O-O 10. a3 Ba5 11. Bg5 Bf5 12. Nh4 Be6 13. e4 f6 14. Be3 dxe4 15.
Bxe4 Bd5 16. Nxd5 Nxd5 17. Qh5 f5 18. Nxf5 Nf6 19. Qg5 g6 20. Bxc6 Bxe1 21.
Bxb7 Rb8 22. Ba6 Qa5 23. Bxc4+ Kh8 24. Nh6 Bxf2+ 25. Kh1 Qxg5 26. Bxg5 Bxd4 27.
Nf7+ Rxf7 28. Bxf7 Ne4 29. Bh6 Nf2+ 30. Kg2 Rxb2 31. Ra2 Rb5 32. Rd2 Ng4 33.
Bf4 0-1

[Event "Freytag Checkmate Open"]
[Site "Adelaide"]
[Date "2008.07.05"]
[Round "3"]
[White "Hoff, Michael"]
[Black "Milton, Anthony W"]
[Result "1-0"]
[PlyCount "85"]
[WhiteElo "1840"]
[BlackElo "1548"]

1. e4 c5 2. c3 d6 3. d4 cxd4 4. Nf3 dxc3 5. Nxc3 Nc6 6. Bc4 e6 7. O-O Be7 8.
Re1 Nf6 9. Bf4 O-O 10. Qe2 a6 11. Rad1 Qc7 12. Bb3 b5 13. e5 dxe5 14. Nxe5 Qb6
15. Ne4 Nxe4 16. Qxe4 Nxe5 17. Bxe5 Bb7 18. Qg4 g6 19. Rd7 Bc5 20. Qh4 Bxf2+
21. Qxf2 Qxf2+ 22. Kxf2 Bc6 23. Rd6 Rac8 24. Red1 a5 25. Rc1 Bb7 26. Rxc8 Rxc8
27. Rb6 Bc6 28. Rb8 Rxb8 29. Bxb8 a4 30. Bd1 f6 31. Bf3 Bd7 32. Ke3 Kf7 33. Kd4
f5 34. Kc5 Kf6 35. Bc6 Bxc6 36. Kxc6 e5 37. Kxb5 e4 38. Bg3 h5 39. Kxa4 f4 40.
Be1 g5 41. g3 f3 42. Bf2 Ke5 43. Kb4 1-0

[Event "Freytag Checkmate Open"]
[Site "Adelaide"]
[Date "2008.07.05"]
[Round "3"]
[White "Hams, Jeffrey"]
[Black "Lojanica, Milenko"]
[Result "1-0"]
[PlyCount "93"]
[WhiteElo "1769"]
[BlackElo "2016"]

1. d4 Nf6 2. Nf3 g6 3. Bf4 Bg7 4. h3 d6 5. e3 c6 6. c4 Nbd7 7. Nc3 Qa5 8. Qc2
O-O 9. Be2 a6 10. a3 c5 11. O-O cxd4 12. exd4 Re8 13. b4 Qd8 14. Rfd1 Nf8 15.
Rac1 Bd7 16. Bh2 Rc8 17. Qb3 Be6 18. d5 Bd7 19. Nd4 Qb6 20. Bf3 Ng4 21. hxg4
Bxd4 22. Bg3 Bg7 23. Bf4 h6 24. Be3 Qd8 25. Ne2 b6 26. a4 Nh7 27. Nd4 Ng5 28.
Be2 Kh7 29. f4 Ne4 30. Bf3 Nf6 31. f5 g5 32. Kf2 Kg8 33. b5 axb5 34. cxb5 Rc5
35. Nc6 Qc7 36. Bxc5 dxc5 37. Qc4 e6 38. fxe6 fxe6 39. d6 Qc8 40. Ne7+ Rxe7 41.
dxe7 Kf7 42. Qd3 Kxe7 43. Qd6+ Ke8 44. Kf1 Bf8 45. Qxb6 c4 46. Bc6 Nd5 47. Bxd5
1-0

[Event "Freytag Checkmate Open"]
[Site "Adelaide"]
[Date "2008.07.05"]
[Round "3"]
[White "Guo, Emma"]
[Black "Griggs, James"]
[Result "1-0"]
[PlyCount "119"]
[WhiteElo "1683"]
[BlackElo "1464"]

1. e4 b6 2. d4 Bb7 3. Nc3 e6 4. Nf3 Bb4 5. Bd3 Nf6 6. Bg5 h6 7. Bxf6 gxf6 8.
Qd2 Nc6 9. a3 Bf8 10. O-O-O Qe7 11. d5 Ne5 12. Nd4 h5 13. Kb1 a6 14. f4 Bh6 15.
Qf2 Nxd3 16. Rxd3 Qd6 17. dxe6 fxe6 18. Rf1 Qe7 19. f5 e5 20. Nf3 O-O-O 21. Nh4
Rh7 22. Nd5 Qf7 23. Rc3 Bxd5 24. Qxb6 Bc6 25. Qxa6+ Bb7 26. Qa7 d6 27. Rb3 Bxe4
28. Rb8+ Kd7 29. Qa4+ Bc6 30. Rxd8+ Kxd8 31. Qxc6 Qd7 32. Qd5 Rg7 33. Ng6 c6
34. Qb3 Qb7 35. Qe6 Qd7 36. Nf8 Qe7 37. Qxe7+ Kxe7 38. Ng6+ Kd7 39. b4 Rg8 40.
Kb2 e4 41. g3 Bd2 42. Nf4 Rg5 43. Ne2 d5 44. c3 Kd6 45. a4 Rg8 46. Nf4 e3 47.
Kc2 Re8 48. Ne2 Kc7 49. Rf4 Re5 50. h3 Be1 51. g4 h4 52. Kd3 Kb6 53. a5+ Kb5
54. Nd4+ Ka4 55. Nf3 Re4 56. Rxe4 dxe4+ 57. Kxe4 Bf2 58. Kd3 Ka3 59. a6 e2 60.
Kxe2 1-0

[Event "Freytag Checkmate Open"]
[Site "Adelaide"]
[Date "2008.07.05"]
[Round "3"]
[White "Glasson, Benjamin"]
[Black "Freytag, Justin"]
[Result "1/2-1/2"]
[PlyCount "58"]
[WhiteElo "1589"]
[BlackElo "2073"]

1. e4 c5 2. Nf3 Nc6 3. Bb5 a6 4. Bxc6 dxc6 5. O-O Qc7 6. d4 cxd4 7. Nxd4 e5 8.
Nb3 Be6 9. Be3 Nf6 10. f3 Be7 11. Nc3 O-O 12. Qe2 b5 13. Qf2 Nd7 14. Nc5 Nxc5
15. Bxc5 Bxc5 16. Qxc5 Rfd8 17. Rfd1 h5 18. a4 Rxd1+ 19. Rxd1 Rd8 20. Rxd8+
Qxd8 21. axb5 Qd2 22. h3 Qc1+ 23. Kh2 Qf4+ 24. Kg1 cxb5 25. Nd5 Qc1+ 26. Kh2
Bxd5 27. exd5 Qf4+ 28. Kg1 Qc1+ 29. Kh2 Qf4+ 1/2-1/2